Atlas of pediatric urologic surgery. /
Uložené v:
| Hlavný autor: | |
|---|---|
| Médium: | Kniha |
| Jazyk: | English |
| Vydané: |
Philadeplphia-London-Toronto :
W.B. Saunders Company,
1994
|
| Vydanie: | 1. vyd. |
| Témy: | |
| ISBN: |
0721642314 (viaz.) |
| Fyzický popis: |
740 s. |
| Tagy: |
Pridať tag
Žiadne tagy, Buďte prvý kto otaguje tento záznam!
|
Titul je dostupný aj v ... 

MARC
| LEADER | 00000nam a2200000 a 4500 | ||
|---|---|---|---|
| 001 | 000023321 | ||
| 003 | SVKK | ||
| 005 | 19990611000000.0 | ||
| 008 | 951012s1994 xxu e engo | ||
| 020 | |a 0721642314 (viaz.) | ||
| 040 | |a SVKKK |b slo |c SVKKK |e AACR2 | ||
| 041 | 0 | |a eng | |
| 044 | |a xxu |c US | ||
| 080 | |a 616.6-053.2(084.4) |2 1997 | ||
| 080 | |a 616.6-089(084.4) |2 1997 | ||
| 100 | 1 | |a Hinnan, Frank |4 aut | |
| 245 | 1 | 0 | |a Atlas of pediatric urologic surgery. / |c Frank Hinnan |
| 250 | |a 1. vyd. | ||
| 260 | |a Philadeplphia-London-Toronto : |b W.B. Saunders Company, |c 1994 | ||
| 300 | |a 740 s. | ||
| 653 | 0 | |a lekárstvo detské |2 SVKKKPH | |
| 653 | 0 | |a urológia |2 SVKKKPH | |
| 653 | 0 | |a choroby urologické |2 SVKKKPH | |
| 653 | 0 | |a chirurgia |2 SVKKKPH | |
| 653 | 0 | |a atlasy |2 SVKKKPH | |
| 655 | 7 | |a atlasy |2 SVKKKPH | |
| 910 | |a svkkk | ||
| 919 | |a 0-7216-4231-4 | ||
| 974 | |a MI |d 19951110 | ||
| 974 | |a KL |d 19951109 | ||
| 974 | |a PA |d 19990611 | ||
| 998 | |a BK | ||
| 090 | |g SCKHL |k Sklad Pribinova 3. posch. |a V.194218 |j 887503 |i 2720788582 |s Absenčne | ||